Top 50 Albums from 1968 - Statistics

General Stats
  • This quiz has been taken 15 times
  • The average score is 12 of 50
Answer Stats
Artist Album % Correct
#1: The Beatles The Beatles
100%
#2: The Jimi Hendrix Experience Electric Ladyland
80%
#7: The Rolling Stones Beggars Banquet
73%
#12: Pink Floyd A Saucerful of Secrets
60%
#5: Van Morrison Astral Weeks
60%
#14: The Band Music from Big Pink
60%
#28: The Doors Waiting for the Sun
60%
#3: The Velvet Underground White Light / White Heat
53%
#13: Simon and Garfunkel Bookends
47%
#4: The Zombies Odessey and Oracle
47%
#45: Silver Apples Silver Apples
47%
#10: The Mothers of Invention We're Only in It for the Money
47%
#11: Os Mutantes Os Mutantes
40%
#6: The Kinks The Kinks Are the Village Green Preservation Society
40%
#36: Cream Wheels of Fire
40%
#9: Aretha Franklin Lady Soul
33%
#18: The Byrds The Notorious Byrd Brothers
33%
#39: The Soft Machine The Soft Machine
33%
#25: Big Brother & the Holding Company Cheap Thrills
27%
#41: Terry Riley In C
27%
#17: The United States of America The United States of America
27%
#32: Gilberto Gil Gilberto Gil
20%
#27: Dr. John, The Night Tripper Gris-Gris
20%
#50: Taj Mahal Taj Mahal
20%
#23: The Millennium Begin
13%
#44: Caetano Veloso Caetano Veloso
13%
#21: The Peter Brötzmann Octet Machine Gun
13%
#19: Nico The Marble Index
13%
#40: John Fahey The Yellow Princess
13%
#31: Thelonious Monk Underground
13%
#38: Duke Ellington and His Orchestra ...and His Mother Called Him Bill
7%
#26: Aretha Franklin Aretha Now
7%
#8: Ennio Morricone C'Era una Volta il West
7%
#20: Miles Davis Nefertiti
7%
#30: Etta James Tell Mama
7%
#29: Otis Redding The Immortal Otis Redding
7%
#42: Cecil Taylor Conquistador!
0%
#49: Ennio Morricone Il Grande Silenzio
0%
#22: Sinfonieorchester des Hessischen Rundfunks / Chor des Bayerischen Rundfunks / Sinfonieorchester des Südwestfunks / Michael Gielen / Wolfgang Schubert / Ernest Bour / Liliana Poli / Barbra Ericson / Antoinette Vischer Requiem; Lontano; Continuum
0%
#46: Christopher Komeda Rosemary's Baby
0%
#15: The Pretty Things S.F. Sorrow
0%
#34: The Sonny Criss Orchestra Sonny's Dream (Birth of the New Cool)
0%
#48: Mike Bloomfield, Al Kooper & Steve Stills Super Session
0%
#37: Dillard & Clark The Fantastic Expedition of Dillard & Clark
0%
#47: Lee Morgan The Gigolo
0%
#24: Roland Kirk The Inflated Tear
0%
#35: The Jazz Composer's Orchestra The Jazz Composer's Orchestra
0%
#16: Various Artists Tropicália Ou Panis et circencis
0%
#43: Fabrizio De André Tutti Morimmo a Stento
0%
#33: Magic Sam Blues Band West Side Soul
0%
No matching quizzes found
Score Distribution
Percent of People with Each Score
Percentile by Number Answered
Your Score History
You have not taken this quiz